Statistics for Most Successful Football Teams by Country

Click here to take the quiz!

General Stats

  • This quiz has been taken 187 times
  • The average score is 21 of 42

Answer Stats

CountryClub% Correct
EnglandLiverpool
96%
EnglandManchester United
95%
EnglandArsenal
93%
SpainReal Madrid
91%
SpainFC Barcelona
89%
GermanyBayern Munich
83%
EnglandAston Villa
81%
ItalyJuventus
78%
NetherlandsAjax
77%
GermanyBorussia Dortmund
76%
ItalyInternazionale
76%
ItalyAC Milan
74%
ScotlandCeltic
74%
SpainAtletico Madrid
72%
PortugalFC Porto
72%
ScotlandRangers
72%
SpainValencia
68%
PortugalBenfica
67%
NetherlandsPSV Eindhoven
61%
EnglandEverton
59%
PortugalSporting CP
59%
NetherlandsFeyenoord
50%
GermanyHamburger SV
49%
ScotlandAberdeen
48%
GermanySchalke 04
45%
ScotlandHeart of Midlothian
40%
SpainAthletic Bilbao
34%
PortugalSC Braga
33%
ItalyTorino
30%
ScotlandHibernian
27%
ItalyGenoa
25%
GermanyVfB Stuttgart
25%
SpainReal Sociedad
24%
PortugalBoavista
17%
EnglandSunderland
17%
ItalyBologna
12%
Germany1. FC Nurnberg
9%
PortugalBelenenses
8%
NetherlandsSparta Rotterdam
7%
NetherlandsHVV Den Haag
5%
ScotlandDumbarton
3%
NetherlandsRAP
0%

Score Distribution

Percentile by Number Answered

Percent of People with Each Score

Your Score History

You have not taken this quiz